000
00321nam a2200133Ia 4500
008
150301s2015 xx 000 0 und d
082
_a
615.4
_b
H14S
100
_a
SIDDIQUI, ANUS .A
245
2
_a
A TB OF HOSPITAL & CLINICAL PHARMACY
260
_b
CBS- DELHI
300
_a
312
650
_a
PHARMACY
942
_2
ddc
_c
BK
_0
41
999
_c
7156
_d
7156